| 000 | 00950cac a22002655a 4500 | ||
|---|---|---|---|
| 999 |
_c13456 _d13456 |
||
| 005 | 20190612103846.0 | ||
| 008 | 070803t2008 njua fr 001 0 eng | ||
| 010 | _a 2007032130 | ||
| 020 | _a9780471745884 | ||
| 040 |
_aDLC _beng _cDLC _dEG-ScBUE |
||
| 082 | 0 | 4 |
_a624.0684 _222 _bSEA |
| 100 | 1 |
_911662 _aSears, S. Keoki |
|
| 245 | 1 | 0 |
_aConstruction Project Management : _ba practical guide to field construction management / _cS. Keoki Sears, Glenn A. Sears, Richard H. Clough. |
| 250 | _a5th ed. | ||
| 260 |
_aHoboken, New Jersey : _bJohn Wiley & Sons, Inc., _cc.2008. |
||
| 300 |
_a1 v. (various pagings) : _bill. ; _c24 cm. |
||
| 500 | _aIndex : p. 395-400. | ||
| 650 | 7 |
_aConstruction industry _xManagement. _911663 _2BUEsh |
|
| 650 | 7 |
_aProject management. _911664 _2BUEsh |
|
| 651 | _2BUEsh | ||
| 653 |
_cAugust2015 _cJune2019 _bBUSADM _bENGGEN |
||
| 700 | 1 |
_aClough, Richard Hudson. _911665 |
|
| 700 | 1 |
_aSears, Glenn A. _911666 |
|
| 942 | _2ddc | ||